Countries With 2 or More Time Zones - Statistics

General Stats
  • This quiz has been taken 35 times
  • The average score is 18 of 23
Answer Stats
# Zones Country % Correct
4 Brazil
100%
12 France
100%
11 Russia
100%
4 Mexico
97%
9 United Kingdom
97%
9 Australia
94%
11 United States
94%
6 Canada
91%
2 South Africa
85%
5 Denmark
82%
3 Indonesia
82%
2 Netherlands
82%
5 New Zealand
82%
2 Portugal
82%
2 Spain
82%
2 Democratic Republic of the Congo
73%
3 Chile
67%
2 Mongolia
61%
2 Federated States of Micronesia
55%
3 Kiribati
55%
2 Ecuador
52%
2 Papua New Guinea
52%
2 Greece
30%
No matching quizzes found
Score Distribution
Percent of People with Each Score
Percentile by Number Answered
Your Score History
You have not taken this quiz